000 00842nam a2200241 i 4500
001 28214
003 ES-MaACL
005 20250822041624.0
007 t|
008 030116s1966 sp ||||1| spa d
100 1 _aBachrach, Arthur J.
_924487
245 1 0 _aCómo investigar en psicología:
_bintroducción a las técnicas operativas /
_cArthur J. Bachrach ; versión española por Luis Echevarría Rivera.
250 _a1ª ed.
260 _aMadrid :
_bMorata,
_c1966.
300 _a230 p. ;
_c21 cm.
490 1 _aFilosofía, psicología, pedagogía
650 4 _aPsicología-
_xInvestigación.
_9171128
650 0 0 _aPsicología-
_xMetodología.
_916548
700 1 _aEchevarría Rivera, Luis Eduardo.
_946564
830 1 0 _aFilosofía, psicología, pedagogía
_9181408
852 _aES-MaACL
_jC-30230
999 _c28214
_d28214